Kraje Nordyckie - Statystyki

Ogólne statystyki
  • Ten quiz został rozwiązany 48 razy
  • Średni wynik to 4 z 5
Statystyki odpowiedzi
Kraj Nordycki % Poprawnych
Szwecja
97%
Dania
87%
Norwegia
87%
Islandia
84%
Finlandia
82%
Nie znaleziono quizów pasujących do podanych kryteriów
Rozkład punktacji
Procent ludzi z każdym wynikiem
Percentyl według liczby udzielonych odpowiedzi
Twoja historia wyników
Nie rozwiązałeś tego quizu